| 000 | 00746nam a2200253u 4500 | ||
|---|---|---|---|
| 001 | 18224 | ||
| 003 | BD-RjUL | ||
| 005 | 20211209000244.0 | ||
| 008 | 140220s1948 nyu 000 0 eng | ||
| 035 | _a(BD-RjUL)18282 | ||
| 040 |
_aDLC _cCarP _dBD-RjUL _beng |
||
| 041 | _aeng | ||
| 082 |
_a 810.82 _bAME 1948 |
||
| 100 | 1 |
_aBlankenship, Russell, _956094 |
|
| 245 | 0 | 0 |
_aAmerican literature / _c Russell Blankenship. |
| 260 |
_aNew York : _bC. Scribner's Sons , _c1948. |
||
| 300 |
_axxiii, 804 p. : _bill. ; _c21 cm. |
||
| 490 | _aOur Literary Heritage . | ||
| 650 | 0 |
_aAmerican literature. _956095 |
|
| 830 | 0 |
_aOur literary heritage. [from old catalog] _958280 |
|
| 942 |
_2ddc _cBK |
||
| 999 |
_c18224 _d18224 |
||